00599cam a2200193 a 4500020001500000040000800015082002600023100002200049245003400071246004200105246004100147250001200188260005800200300002500258500002000283650001600303700002000319856006600339 a0764113658 cDLC00a428 BAR 2000 A023 Or.1 aBromberg, Murray.10a1100 words you need to know /3 aEleven hundred words you need to know14aBarron's 1100 words you need to know a4th ed. aHauppauge, NY :bBarron's Educational Series,cc2000. aiv, 380 p. ;c28 cm. aIncludes index. 0aVocabulary.1 aGordon, Melvin.42uhttp://www.loc.gov/catdir/enhancements/fy0630/00030344-d.html